[Event "5MCR_4D_1L_3S"]
[Site "?"]
[Date "2002.??.??"]
[Round "?"]
[White "Lasek, Milos"]
[Black "Vrkoc, David"]
[Result "1/2-1/2"]
[WhiteElo "2270"]
[BlackElo "2355"]
[PlyCount "45"]
[EventDate "2002.??.??"]
[EventType "corr"]
[SourceDate "2004.??.??"]

1. e4 c5 2. Nf3 d6 3. d4 cxd4 4. Nxd4 Nf6 5. Nc3 a6 6. Be3 e5 7. Nb3 Be6 8. Qd2
Nc6 9. O-O-O Rc8 10. Kb1 Be7 11. f3 Na5 12. g4 Nxb3 13. axb3 O-O 14. h4 Qc7 15.
Bh3 d5 16. g5 d4 17. gxf6 dxc3 18. bxc3 Bxf6 19. Bxe6 fxe6 20. c4 b5 21. cxb5
axb5 22. Rc1 Qf7 23. Bc5 1/2-1/2

[Event "5MCR_4D_1L_3S"]
[Site "?"]
[Date "2002.??.??"]
[Round "?"]
[White "Lasek, Milos"]
[Black "Zacek, Jiri"]
[Result "1-0"]
[WhiteElo "2270"]
[BlackElo "2280"]
[PlyCount "99"]
[EventDate "2002.??.??"]
[EventType "corr"]
[SourceDate "2004.??.??"]

1. d4 Nf6 2. c4 e6 3. Nf3 b6 4. a3 Bb7 5. Nc3 d5 6. cxd5 Nxd5 7. Qc2 Nxc3 8.
bxc3 c5 9. e4 Nd7 10. Bf4 cxd4 11. cxd4 Rc8 12. Qb3 Be7 13. Bd3 Nf6 14. Qb5+
Qd7 15. Ne5 Qxb5 16. Bxb5+ Kf8 17. f3 Ne8 18. Bd7 Rd8 19. Bc6 Bc8 20. Be3 f6
21. Nd3 Bd7 22. Bxd7 Rxd7 23. Ke2 Kf7 24. Rhc1 Nd6 25. a4 Rc8 26. Rxc8 Nxc8 27.
Rc1 Nd6 28. g4 Nb7 29. f4 Na5 30. Rc3 g6 31. g5 Bd8 32. gxf6 Bxf6 33. Ne5+ Bxe5
34. fxe5 h6 35. h4 g5 36. hxg5 hxg5 37. Rc1 Ke8 38. Kf3 Nb3 39. Rc4 Na5 40.
Rc8+ Rd8 41. Rc3 Kd7 42. Bxg5 Rh8 43. Kf4 Rh1 44. d5 Rf1+ 45. Kg4 Rd1 46. Rh3
exd5 47. Rh7+ Kc6 48. e6 Rg1+ 49. Kf5 dxe4 50. Rh8 1-0

[Event "5MCR_4D_1L_3S"]
[Site "?"]
[Date "2002.??.??"]
[Round "?"]
[White "Lasek, Milos"]
[Black "Zidu, Jan"]
[Result "1/2-1/2"]
[WhiteElo "2270"]
[BlackElo "2310"]
[PlyCount "42"]
[EventDate "2002.??.??"]
[EventType "corr"]
[SourceDate "2004.??.??"]

1. e4 c5 2. Nf3 d6 3. d4 cxd4 4. Nxd4 Nf6 5. Nc3 a6 6. Be3 e6 7. f3 b5 8. g4
Nfd7 9. Qd2 Nb6 10. O-O-O N8d7 11. Qf2 Bb7 12. Nce2 Rc8 13. Ng3 Be7 14. h4 O-O
15. h5 d5 16. Kb1 Nc4 17. Bxc4 Rxc4 18. Rhg1 dxe4 19. Nxe4 Qa8 20. Nd2 Rcc8 21.
g5 Bd5 1/2-1/2

[Event "5MCR_4D_1L_3S"]
[Site "?"]
[Date "2002.??.??"]
[Round "?"]
[White "Leiner, Raimund"]
[Black "Grulich, Jiri"]
[Result "1-0"]
[WhiteElo "2290"]
[BlackElo "2165"]
[PlyCount "41"]
[EventDate "2002.??.??"]
[EventType "corr"]
[SourceDate "2004.??.??"]

1. e4 e6 2. d4 d5 3. Nc3 Nf6 4. Bg5 Be7 5. e5 Nfd7 6. h4 Bxg5 7. hxg5 Qxg5 8.
Nb5 Qd8 9. Qg4 g6 10. Bd3 h5 11. Qh3 a6 12. Nc3 c5 13. Bxg6 Qb6 14. Bxh5 Rxh5
15. Qxh5 Qxb2 16. Nge2 Qxa1+ 17. Kd2 Qxh1 18. Qxh1 Nc6 19. Qh8+ Ke7 20. Nf4 Nb6
21. dxc5 1-0

[Event "5MCR_4D_1L_3S"]
[Site "?"]
[Date "2002.??.??"]
[Round "?"]
[White "Leiner, Raimund"]
[Black "Hladecek, Miloslav"]
[Result "1/2-1/2"]
[WhiteElo "2290"]
[BlackElo "2215"]
[PlyCount "92"]
[EventDate "2002.??.??"]
[EventType "corr"]
[SourceDate "2004.??.??"]

1. e4 c5 2. Nf3 d6 3. d4 cxd4 4. Nxd4 Nf6 5. Nc3 a6 6. Bg5 e6 7. f4 Qb6 8. Nb3
Be7 9. Qf3 Nbd7 10. Rd1 Qc7 11. a4 Nc5 12. Nxc5 Qxc5 13. Be2 Bd7 14. Qf2 Rc8
15. Qxc5 Rxc5 16. Bf3 h6 17. Bh4 Rc4 18. Rd3 Bc6 19. b3 Rb4 20. Bxf6 Bxf6 21.
Kd2 g5 22. g3 gxf4 23. gxf4 Ke7 24. Re1 Rg8 25. Na2 Rd4 26. c3 Rxd3+ 27. Kxd3
a5 28. c4 Bb2 29. Re2 Bh8 30. Rg2 Rxg2 31. Bxg2 f5 32. Nc1 fxe4+ 33. Bxe4 d5
34. cxd5 exd5 35. Bg6 Kd6 36. Ne2 b5 37. axb5 Bxb5+ 38. Kd2 Kc5 39. Nc1 Kd4 40.
Ne2+ Bxe2 41. Kxe2 Kc3 42. Bf7 d4 43. Kd1 Bf6 44. h3 Be7 45. Be6 Bf6 46. Bf7
Kd3 1/2-1/2

[Event "5MCR_4D_1L_3S"]
[Site "?"]
[Date "2002.??.??"]
[Round "?"]
[White "Leiner, Raimund"]
[Black "Krouzel, Jaroslav"]
[Result "1/2-1/2"]
[WhiteElo "2290"]
[BlackElo "2360"]
[PlyCount "61"]
[EventDate "2002.??.??"]
[EventType "corr"]
[SourceDate "2004.??.??"]

1. e4 e6 2. d4 d5 3. Nc3 Bb4 4. e5 c5 5. a3 Bxc3+ 6. bxc3 Ne7 7. Qg4 O-O 8. Bd3
f5 9. exf6 Rxf6 10. Bg5 Rf7 11. Qh5 g6 12. Qd1 Nbc6 13. Nf3 Qf8 14. O-O c4 15.
Be2 h6 16. Bc1 Qg7 17. Ne1 e5 18. dxe5 Nxe5 19. Nf3 Kh7 20. Be3 N5c6 21. Qd2 b6
22. Rfe1 Bb7 23. Nd4 Nxd4 24. Bxd4 Qf8 25. Bf3 Re8 26. Bg4 Bc8 27. Bxc8 Rxc8
28. Re5 Rd8 29. Be3 Qg7 30. Bd4 Qf8 31. Be3 1/2-1/2

[Event "5MCR_4D_1L_3S"]
[Site "?"]
[Date "2002.??.??"]
[Round "?"]
[White "Leiner, Raimund"]
[Black "Polak, Petr"]
[Result "1-0"]
[WhiteElo "2290"]
[BlackElo "2050"]
[PlyCount "99"]
[EventDate "2002.??.??"]
[EventType "corr"]
[SourceDate "2004.??.??"]

1. e4 c5 2. Nf3 d6 3. d4 cxd4 4. Nxd4 Nf6 5. Nc3 a6 6. Bc4 e6 7. Bb3 Nbd7 8.
Qf3 Nc5 9. O-O Be7 10. Qg3 Ncxe4 11. Nxe4 Nxe4 12. Qxg7 Bf6 13. Qg4 d5 14. c3
h5 15. Qe2 Bxd4 16. cxd4 Bd7 17. Re1 Bb5 18. Qf3 Qf6 19. Bf4 Rg8 20. Qe3 Qg7
21. g3 h4 22. Rac1 Bc6 23. Kg2 hxg3 24. hxg3 a5 25. Rh1 Qf8 26. Bc2 Qe7 27. f3
Nf6 28. Bg5 Kd7 29. Qf4 Rxg5 30. Qxg5 Ne8 31. Qf4 Nd6 32. Bd3 a4 33. Rh7 Kc7
34. b4 Kb6 35. b5 Bxb5 36. Rb1 Rc8 37. Bxb5 Nxb5 38. Rxf7 Rc2+ 39. Kh3 Qe8 40.
Qd6+ Ka5 41. Qb4+ Kb6 42. Rh7 Rc4 43. Qb2 Ka6 44. g4 Rc3 45. g5 Qc6 46. g6
Rxf3+ 47. Kg4 Rf6 48. g7 Rg6+ 49. Kh5 Rg3 50. Qb4 1-0

[Event "5MCR_4D_1L_3S"]
[Site "?"]
[Date "2002.??.??"]
[Round "?"]
[White "Leiner, Raimund"]
[Black "Sykora, Josef"]
[Result "1/2-1/2"]
[WhiteElo "2290"]
[BlackElo "2355"]
[PlyCount "48"]
[EventDate "2002.??.??"]
[EventType "corr"]
[SourceDate "2004.??.??"]

1. e4 c6 2. d4 d5 3. Nc3 dxe4 4. Nxe4 Nd7 5. Bd3 Ngf6 6. Ng5 e6 7. N1f3 Bd6 8.
Qe2 h6 9. Ne4 Nxe4 10. Qxe4 Qc7 11. Qg4 Kf8 12. Be3 Nf6 13. Qh4 b6 14. O-O Bb7
15. Nd2 c5 16. Rad1 Rd8 17. dxc5 Bxc5 18. Bxc5+ Qxc5 19. Rfe1 Qd4 20. Qxd4 Rxd4
21. Nc4 Ke7 22. c3 Rdd8 23. f3 Rc8 24. Ne3 Rhd8 1/2-1/2

[Event "5MCR_4D_1L_3S"]
[Site "?"]
[Date "2002.??.??"]
[Round "?"]
[White "Leiner, Raimund"]
[Black "Travnik, Petr"]
[Result "1-0"]
[WhiteElo "2290"]
[BlackElo "2305"]
[PlyCount "73"]
[EventDate "2002.??.??"]
[EventType "corr"]
[SourceDate "2004.??.??"]

1. e4 c5 2. Nf3 d6 3. d4 cxd4 4. Nxd4 Nf6 5. Nc3 a6 6. Bg5 e6 7. f4 Nbd7 8. Qf3
Qc7 9. O-O-O Be7 10. g4 b5 11. Bxf6 gxf6 12. f5 Ne5 13. Qh3 O-O 14. Nce2 Kh8
15. Nf4 Rg8 16. fxe6 fxe6 17. Nfxe6 Bxe6 18. Nxe6 Qc8 19. Qb3 Nxg4 20. Bh3 Qc4
21. Qxc4 bxc4 22. Rdf1 Rab8 23. Rf4 Ne5 24. Bf5 Rb7 25. Rd1 Rg2 26. Rh4 Ng6 27.
Rh6 Kg8 28. Rd4 Rg1+ 29. Kd2 Rg2+ 30. Kc3 d5 31. a3 Bd6 32. exd5 Be5 33. Kxc4
Bxd4 34. Nxd4 Rc7+ 35. Kb3 Rb7+ 36. Ka2 Rd2 37. Bd3 1-0

[Event "5MCR_4D_1L_3S"]
[Site "?"]
[Date "2002.??.??"]
[Round "?"]
[White "Leiner, Raimund"]
[Black "Zacek, Jiri"]
[Result "1/2-1/2"]
[WhiteElo "2290"]
[BlackElo "2280"]
[PlyCount "111"]
[EventDate "2002.??.??"]
[EventType "corr"]
[SourceDate "2004.??.??"]

1. e4 d5 2. exd5 Qxd5 3. Nc3 Qa5 4. d4 Nf6 5. Nf3 Bf5 6. Bc4 c6 7. Bd2 e6 8.
Qe2 Bb4 9. Ne5 Nbd7 10. Nxd7 Nxd7 11. a3 Bxc3 12. Bxc3 Qc7 13. d5 cxd5 14. Bxd5
O-O 15. Bf3 e5 16. O-O e4 17. Bg4 Bg6 18. Bxd7 Qxd7 19. Rad1 Qc7 20. Rd2 Rad8
21. Bd4 b6 22. Qb5 Rfe8 23. Rfd1 f5 24. Bc3 Rxd2 25. Rxd2 Rd8 26. Rxd8+ Qxd8
27. h3 h6 28. Qe5 Qd7 29. Bd4 Bh5 30. c4 Be2 31. b3 Bd3 32. Kh2 Qf7 33. c5 bxc5
34. Qxc5 a6 35. b4 Qg6 36. Kg1 f4 37. a4 f3 38. g3 Qe8 39. Qd5+ Qf7 40. Qc6 Qf5
41. g4 Qg5 42. b5 axb5 43. a5 Qd8 44. Qe6+ Kh7 45. Qe5 Qf6 46. Qc5 Qg5 47. Qxg5
hxg5 48. a6 Bc4 49. a7 Bd5 50. Bc5 Kg6 51. Kf1 Kf6 52. Ke1 Ke6 53. Kd2 Kd7 54.
Kc3 Kc7 55. Kd4 Bc6 56. Ke5 1/2-1/2

[Event "5MCR_4D_1L_3S"]
[Site "?"]
[Date "2002.??.??"]
[Round "?"]
[White "Nosek, Jaroslav"]
[Black "Lasek, Milos"]
[Result "1/2-1/2"]
[WhiteElo "2285"]
[BlackElo "2270"]
[PlyCount "78"]
[EventDate "2002.??.??"]
[EventType "corr"]
[SourceDate "2004.??.??"]

1. d4 Nf6 2. c4 e6 3. Nf3 b6 4. g3 Ba6 5. b3 Bb4+ 6. Bd2 Be7 7. Nc3 c6 8. e4 d5
9. e5 Ne4 10. Bd3 Nxc3 11. Bxc3 c5 12. dxc5 bxc5 13. O-O Bb7 14. Qe2 Nd7 15.
cxd5 Bxd5 16. Nd2 O-O 17. Rfd1 Qc7 18. Rac1 Rfd8 19. Nc4 Nb6 20. Ne3 Bb7 21.
Ba6 Nd5 22. Bxb7 Qxb7 23. Qf3 Rd7 24. Nc4 Rad8 25. Ba5 Rb8 26. h3 Nb4 27. Qxb7
Rxd1+ 28. Rxd1 Rxb7 29. Bd8 Kf8 30. f4 Ke8 31. Bxe7 Kxe7 32. Nd6 Rc7 33. Rd2 f6
34. Kf2 fxe5 35. fxe5 Nc6 36. Nc4 Rd7 37. Ke3 Rxd2 38. Kxd2 Kd7 39. g4 Nd4
1/2-1/2

[Event "5MCR_4D_1L_3S"]
[Site "?"]
[Date "2002.??.??"]
[Round "?"]
[White "Nosek, Jaroslav"]
[Black "Leiner, Raimund"]
[Result "1/2-1/2"]
[WhiteElo "2285"]
[BlackElo "2290"]
[PlyCount "35"]
[EventDate "2002.??.??"]
[EventType "corr"]
[SourceDate "2004.??.??"]

1. c4 Nf6 2. Nc3 e5 3. Nf3 Nc6 4. g3 Bb4 5. Nd5 e4 6. Nh4 Bc5 7. Bg2 O-O 8. O-O
Re8 9. d3 exd3 10. Qxd3 Ne5 11. Qc3 c6 12. Be3 Nxd5 13. cxd5 Bxe3 14. Qxe3 Ng6
15. Qd4 Nxh4 16. Qxh4 Qxh4 17. gxh4 cxd5 18. e3 1/2-1/2

[Event "5MCR_4D_1L_3S"]
[Site "?"]
[Date "2002.??.??"]
[Round "?"]
[White "Nosek, Jaroslav"]
[Black "Postupa, Pavel"]
[Result "1-0"]
[WhiteElo "2285"]
[BlackElo "1920"]
[PlyCount "67"]
[EventDate "2002.??.??"]
[EventType "corr"]
[SourceDate "2004.??.??"]

1. d4 Nf6 2. c4 g6 3. Nc3 d5 4. cxd5 Nxd5 5. e4 Nxc3 6. bxc3 Bg7 7. Nf3 c5 8.
Rb1 O-O 9. Be2 Nc6 10. d5 Ne5 11. Nxe5 Bxe5 12. Qd2 b6 13. O-O e6 14. f4 Bg7
15. dxe6 fxe6 16. Bc4 Qf6 17. e5 Qf5 18. Rb2 Kh8 19. Qd6 Qf7 20. Rd1 Re8 21.
Bb5 Re7 22. f5 Bf8 23. Bg5 gxf5 24. Bf6+ Kg8 25. Rd3 h6 26. Rg3+ Kh7 27. Bxe7
Qxe7 28. Qd1 Qf7 29. Rd2 Be7 30. Qa4 Bg5 31. Rd6 Qg7 32. Bc6 Qxe5 33. Rd1 b5
34. Qa5 1-0

[Event "5MCR_4D_1L_3S"]
[Site "?"]
[Date "2002.??.??"]
[Round "?"]
[White "Nosek, Jaroslav"]
[Black "Rybak, Milan"]
[Result "1/2-1/2"]
[WhiteElo "2228"]
[BlackElo "2375"]
[PlyCount "63"]
[EventDate "2002.??.??"]
[EventType "corr"]
[SourceDate "2004.??.??"]

1. d4 Nf6 2. c4 e6 3. Nf3 d5 4. g3 c5 5. Bg2 cxd4 6. O-O Be7 7. Nxd4 O-O 8.
cxd5 Nxd5 9. Qc2 Nb4 10. Qc3 e5 11. Nb3 N8c6 12. a3 Nd4 13. Nxd4 exd4 14. Qf3
Nc6 15. Nd2 Be6 16. b4 Qb6 17. Rd1 a5 18. bxa5 Rxa5 19. Qd3 Bf5 20. Ne4 Re8 21.
Rb1 Qa7 22. Bd2 Re5 23. Bf4 Re6 24. Rb5 Bg6 25. Rdb1 Nd8 26. Bc7 Qxa3 27. Qxd4
Nc6 28. Qd7 Bf8 29. Rxb7 R8e7 30. Qd5 Rxe4 31. Qxc6 Rxe2 32. Rf1 1/2-1/2

[Event "5MCR_4D_1L_3S"]
[Site "?"]
[Date "2002.??.??"]
[Round "?"]
[White "Nosek, Jaroslav"]
[Black "Vrkoc, David"]
[Result "0-1"]
[WhiteElo "2285"]
[BlackElo "2355"]
[PlyCount "102"]
[EventDate "2002.??.??"]
[EventType "corr"]
[SourceDate "2004.??.??"]

1. d4 Nf6 2. Nf3 e6 3. c4 c5 4. d5 exd5 5. cxd5 d6 6. Nc3 g6 7. e4 Bg7 8. h3
O-O 9. Bd3 Re8 10. O-O Nbd7 11. Re1 a6 12. a4 Nh5 13. Be3 Ne5 14. Be2 Nxf3+ 15.
Bxf3 Nf6 16. Bf4 Nd7 17. Bxd6 Qb6 18. e5 Nxe5 19. Bxe5 Bxe5 20. a5 Qd8 21. d6
Re6 22. Qb3 Qxd6 23. Bd5 Bd4 24. Bxe6 Bxe6 25. Qc2 Qf4 26. Ne4 Kg7 27. Re2 Rd8
28. Ra3 Bf5 29. Rf3 Qe5 30. g4 Be6 31. Ng3 Qd5 32. Qe4 Qxe4 33. Nxe4 Bc4 34.
Rd2 Re8 35. Ng3 Re1+ 36. Kh2 Bb5 37. Ra3 Rb1 38. Kg2 Rxb2 39. Rxb2 Bxb2 40. Ra2
Be5 41. Kf3 Bd4 42. Rc2 Ba4 43. Rc1 Bc6+ 44. Ke2 Kf6 45. f4 Ke6 46. Kd3 Kd5 47.
Ne2 c4+ 48. Kd2 Bf6 49. g5 Bd8 50. Ra1 Kc5 51. Ke3 f5 0-1

[Event "5MCR_4D_1L_3S"]
[Site "?"]
[Date "2002.??.??"]
[Round "?"]
[White "Nosek, Jaroslav"]
[Black "Zacek, Jiri"]
[Result "1-0"]
[WhiteElo "2285"]
[BlackElo "2280"]
[PlyCount "89"]
[EventDate "2002.??.??"]
[EventType "corr"]
[SourceDate "2004.??.??"]

1. d4 Nf6 2. c4 e6 3. Nf3 b6 4. g3 Bb7 5. Bg2 Be7 6. Nc3 Ne4 7. Bd2 Bf6 8. O-O
O-O 9. Rc1 c5 10. d5 exd5 11. cxd5 Nxd2 12. Qxd2 d6 13. Ne4 Be7 14. Rfd1 Na6
15. Nc3 Nc7 16. e4 Bf6 17. Qf4 b5 18. e5 dxe5 19. Qe3 b4 20. Ne4 Nxd5 21. Qxc5
Rc8 22. Qxa7 Rxc1 23. Rxc1 Ba8 24. Re1 Qc8 25. Qa4 Rd8 26. Nxf6+ gxf6 27. Qb3
Bc6 28. Rc1 Qb7 29. Nh4 Qd7 30. Qc2 Bb7 31. Rd1 Qe6 32. Be4 Kh8 33. Qc5 Rc8 34.
Qa7 Bc6 35. Bf5 Ra8 36. Bxe6 Rxa7 37. Bxd5 Bxd5 38. Rxd5 Kg7 39. Rb5 Ra4 40.
Kg2 h6 41. Kf3 h5 42. Nf5+ Kg6 43. Ne7+ Kg7 44. h4 Rxa2 45. Rxb4 1-0

[Event "5MCR_4D_1L_3S"]
[Site "?"]
[Date "2002.??.??"]
[Round "?"]
[White "Nosek, Jaroslav"]
[Black "Zidu, Jan"]
[Result "0-1"]
[WhiteElo "2285"]
[BlackElo "2310"]
[PlyCount "108"]
[EventDate "2002.??.??"]
[EventType "corr"]
[SourceDate "2004.??.??"]

1. d4 Nf6 2. c4 c5 3. d5 b5 4. cxb5 a6 5. b6 g6 6. Nc3 Bg7 7. a4 Qxb6 8. Nf3 d6
9. a5 Qb4 10. Nd2 O-O 11. e4 Bd7 12. Ra3 e6 13. Bc4 exd5 14. Nxd5 Nxd5 15. Bxd5
Bc6 16. Rb3 Qd4 17. Rxb8 Bxd5 18. Rxf8+ Rxf8 19. exd5 Re8+ 20. Kf1 Qd3+ 21. Kg1
Re2 22. h4 Rxf2 23. Rh3 Qd4 24. Kh1 Bh6 25. Rf3 Be3 26. Rxe3 Qxe3 27. Nf3 Qe4
28. Kg1 Rc2 29. Kh2 f6 30. b3 Rc3 31. Bb2 Rc2 32. Bc1 Rc3 33. Bb2 Re3 34. Bc1
Qd3 35. Qd2 Qxd2 36. Nxd2 Re5 37. Nc4 Rxd5 38. Bf4 Rd3 39. Bxd6 Rxb3 40. Be7 f5
41. Kg1 Rb4 42. Nb6 Kf7 43. Bxc5 Rb5 44. Bd6 Rxa5 45. Kf2 Ke6 46. Bf8 Ra2+ 47.
Kf3 a5 48. g3 a4 49. Nc4 Rc2 50. Ne3 Rb2 51. g4 fxg4+ 52. Kxg4 h5+ 53. Kf3 Rb3
54. Kf4 a3 0-1

[Event "5MCR_4D_1L_3S"]
[Site "?"]
[Date "2002.??.??"]
[Round "?"]
[White "Omelka, Roman"]
[Black "Lasek, Milos"]
[Result "1-0"]
[WhiteElo "2335"]
[BlackElo "2270"]
[PlyCount "73"]
[EventDate "2002.??.??"]
[EventType "corr"]
[SourceDate "2004.??.??"]

1. e4 c5 2. Nf3 e6 3. d4 cxd4 4. Nxd4 a6 5. c4 Nf6 6. Nc3 Qc7 7. Nc2 b6 8. Be3
Bb7 9. f3 Bc5 10. Qd2 O-O 11. Bf4 e5 12. Bg5 Qc6 13. O-O-O Rc8 14. Nd5 Nxd5 15.
exd5 Qd6 16. b4 Bd4 17. Nxd4 exd4 18. Kb1 b5 19. Bf4 Qf8 20. Rc1 a5 21. bxa5
bxc4 22. Bxc4 Na6 23. Qxd4 Qb4+ 24. Ka1 Qxa5 25. Bd2 Qd8 26. Bb3 d6 27. Rxc8
Bxc8 28. Bc4 Nc5 29. g4 Ra3 30. Bc3 Qf8 31. Rb1 Na4 32. Be1 Nc5 33. Bg3 Nd7 34.
Bd3 Nc5 35. Bc2 Bb7 36. Rb6 Qa8 37. Qb2 1-0

[Event "5MCR_4D_1L_3S"]
[Site "?"]
[Date "2002.??.??"]
[Round "?"]
[White "Omelka, Roman"]
[Black "Leiner, Raimund"]
[Result "1/2-1/2"]
[WhiteElo "2335"]
[BlackElo "2290"]
[PlyCount "67"]
[EventDate "2002.??.??"]
[EventType "corr"]
[SourceDate "2004.??.??"]

1. e4 c5 2. Nf3 Nc6 3. d4 cxd4 4. Nxd4 Nf6 5. Nc3 e5 6. Ndb5 d6 7. Bg5 a6 8.
Na3 b5 9. Bxf6 gxf6 10. Nd5 Bg7 11. Bd3 Ne7 12. Nxe7 Qxe7 13. O-O O-O 14. c3 f5
15. Nc2 Bb7 16. exf5 d5 17. Qh5 e4 18. Rfe1 Rfd8 19. Be2 b4 20. Nxb4 d4 21.
Bxa6 Rxa6 22. Nxa6 dxc3 23. bxc3 Bxa6 24. f6 Qxf6 25. Rxe4 h6 26. Rd1 Rxd1+ 27.
Qxd1 Qxc3 28. Qe1 Qc6 29. Re8+ Bf8 30. h3 Bb7 31. f3 Qc5+ 32. Kh1 Bc6 33. Qg3+
Kh7 34. Rc8 1/2-1/2

[Event "5MCR_4D_1L_3S"]
[Site "?"]
[Date "2002.??.??"]
[Round "?"]
[White "Omelka, Roman"]
[Black "Nosek, Jaroslav"]
[Result "1-0"]
[WhiteElo "2335"]
[BlackElo "2285"]
[PlyCount "57"]
[EventDate "2002.??.??"]
[EventType "corr"]
[SourceDate "2004.??.??"]

1. e4 e6 2. d4 d5 3. Nc3 Bb4 4. e5 c5 5. a3 Ba5 6. b4 cxd4 7. Nb5 Bc7 8. f4 Bd7
9. Nf3 Bxb5 10. Bxb5+ Nd7 11. f5 a6 12. fxe6 fxe6 13. Bg5 Ne7 14. Nxd4 Bxe5 15.
Nxe6 Bc3+ 16. Bd2 Qc8 17. Bxd7+ Qxd7 18. Nc5 Bxd2+ 19. Qxd2 Qf5 20. O-O-O O-O
21. Rhe1 Rf7 22. Nxb7 Rc8 23. Kb1 Qd7 24. Nc5 Qb5 25. Nb3 Qb8 26. g4 Rd8 27.
Re6 Ng6 28. Rxa6 Qc8 29. Ra5 1-0

[Event "5MCR_4D_1L_3S"]
[Site "?"]
[Date "2002.??.??"]
[Round "?"]
[White "Omelka, Roman"]
[Black "Postupa, Pavel"]
[Result "1-0"]
[WhiteElo "2335"]
[BlackElo "1920"]
[PlyCount "75"]
[EventDate "2002.??.??"]
[EventType "corr"]
[SourceDate "2004.??.??"]

1. e4 e6 2. d4 d5 3. Nc3 Nf6 4. Bg5 Be7 5. e5 Nfd7 6. Bxe7 Qxe7 7. f4 O-O 8.
Nf3 c5 9. dxc5 Qxc5 10. Qd2 Nc6 11. O-O-O f6 12. exf6 Nxf6 13. Bd3 Bd7 14. Rhe1
Rac8 15. Kb1 Nb4 16. Bf1 Nc6 17. g3 Kh8 18. Bh3 Nd8 19. Ne5 Bc6 20. Bg2 Nd7 21.
h4 b5 22. Bh3 Nf6 23. a3 b4 24. axb4 Qxb4 25. Qd4 a5 26. Re3 Rb8 27. Qxb4 axb4
28. Nxc6 Nxc6 29. Ne2 Rb6 30. Rxe6 Ra8 31. Nd4 Rba6 32. Nb3 Nb8 33. f5 g6 34.
Bg2 gxf5 35. Bxd5 R8a7 36. Bc4 Rxe6 37. Bxe6 Nc6 38. Bxf5 1-0

[Event "5MCR_4D_1L_3S"]
[Site "?"]
[Date "2002.??.??"]
[Round "?"]
[White "Omelka, Roman"]
[Black "Rybak, Milan"]
[Result "1/2-1/2"]
[WhiteElo "2225"]
[BlackElo "2375"]
[PlyCount "59"]
[EventDate "2002.??.??"]
[EventType "corr"]
[SourceDate "2004.??.??"]

1. e4 e5 2. Nf3 Nc6 3. d4 exd4 4. Nxd4 Qf6 5. Nb5 Bc5 6. Qe2 Bb6 7. N1c3 Nge7
8. Be3 Ba5 9. O-O-O a6 10. Nd5 Nxd5 11. exd5 axb5 12. dxc6 bxc6 13. Bd4+ Qe6
14. Qxe6+ fxe6 15. Bxg7 Rg8 16. Bh6 Bb6 17. Kb1 b4 18. Bd3 Ba6 19. Bxh7 Rxg2
20. Rhg1 Rxg1 21. Rxg1 O-O-O 22. Be3 Rf8 23. Rg8 Rxg8 24. Bxg8 Kd8 25. Bh7 Ke7
26. h4 Be2 27. Bg6 Kf6 28. h5 Bf3 29. Be8 Ke7 30. Bg6 1/2-1/2

[Event "5MCR_4D_1L_3S"]
[Site "?"]
[Date "2002.??.??"]
[Round "?"]
[White "Omelka, Roman"]
[Black "Vrkoc, David"]
[Result "0-1"]
[WhiteElo "2335"]
[BlackElo "2355"]
[PlyCount "62"]
[EventDate "2002.??.??"]
[EventType "corr"]
[SourceDate "2004.??.??"]

1. e4 c5 2. Nf3 d6 3. d4 cxd4 4. Nxd4 Nf6 5. Nc3 a6 6. Be3 e5 7. Nb3 Be6 8. Qd2
Nc6 9. f3 Rc8 10. O-O-O Na5 11. Kb1 Be7 12. g4 Nxb3 13. cxb3 O-O 14. g5 Nh5 15.
Rg1 Qd7 16. Nd5 Bd8 17. h4 f5 18. Nc3 Rc6 19. b4 b5 20. a4 Qb7 21. axb5 axb5
22. Bxb5 Rxc3 23. Qxc3 Qxb5 24. Rxd6 Bf7 25. exf5 Be7 26. Rb6 Qd7 27. f6 Bg6+
28. Kc1 Ra8 29. b3 Nf4 30. Qc4+ Bf7 31. Qb5 Qc8+ 0-1

[Event "5MCR_4D_1L_3S"]
[Site "?"]
[Date "2002.??.??"]
[Round "?"]
[White "Omelka, Roman"]
[Black "Zidu, Jan"]
[Result "1/2-1/2"]
[WhiteElo "2335"]
[BlackElo "2310"]
[PlyCount "69"]
[EventDate "2002.??.??"]
[EventType "corr"]
[SourceDate "2004.??.??"]

1. e4 e5 2. Nf3 Nf6 3. Nxe5 d6 4. Nf3 Nxe4 5. d4 d5 6. Bd3 Bd6 7. O-O O-O 8. c4
c6 9. Qc2 Na6 10. a3 Re8 11. Nc3 Bg4 12. Nxe4 dxe4 13. Bxe4 Bxf3 14. Bxf3 Qh4
15. g3 Qxd4 16. Be3 Qf6 17. Be4 g6 18. b4 Nc7 19. Bg2 a5 20. Rab1 axb4 21. axb4
Ne6 22. b5 Rac8 23. bxc6 bxc6 24. Rb6 Nd4 25. Bxd4 Qxd4 26. Rxc6 Rxc6 27. Bxc6
Rb8 28. Rd1 Qf6 29. Bb5 Bc5 30. Rd5 Qe7 31. Kg2 Rd8 32. h4 Rxd5 33. cxd5 Bd6
34. Bd3 Qe5 35. Qc4 1/2-1/2

[Event "5MCR_4D_1L_3S"]
[Site "?"]
[Date "2002.??.??"]
[Round "?"]
[White "Polak, Petr"]
[Black "Grulich, Jiri"]
[Result "0-1"]
[WhiteElo "2050"]
[BlackElo "2165"]
[PlyCount "74"]
[EventDate "2002.??.??"]
[EventType "corr"]
[SourceDate "2004.??.??"]

1. e4 e6 2. d4 d5 3. Nc3 Nf6 4. Bg5 Be7 5. e5 Nfd7 6. Bxe7 Qxe7 7. f4 a6 8. Nf3
c5 9. dxc5 Nc6 10. Qd2 Nxc5 11. Bd3 O-O 12. O-O b5 13. Ne2 Bb7 14. Ned4 Nxd4
15. Nxd4 Rac8 16. Qe3 Nxd3 17. cxd3 Qc5 18. a3 Qb6 19. f5 exf5 20. Rxf5 Rc7 21.
Raf1 Bc8 22. Rg5 Rc6 23. Rg3 Rg6 24. Rxg6 Qxg6 25. Ne2 Re8 26. Nf4 Qg4 27. d4
Rd8 28. Qc3 Qd7 29. Rc1 h6 30. Qa5 Qe7 31. a4 Qg5 32. axb5 axb5 33. Rf1 Bf5 34.
Qxb5 Be4 35. Qb7 Qg4 36. h3 Qc8 37. e6 Qxb7 0-1

[Event "5MCR_4D_1L_3S"]
[Site "?"]
[Date "2002.??.??"]
[Round "?"]
[White "Polak, Petr"]
[Black "Hladecek, Miloslav"]
[Result "1/2-1/2"]
[WhiteElo "2050"]
[BlackElo "2215"]
[PlyCount "65"]
[EventDate "2002.??.??"]
[EventType "corr"]
[SourceDate "2004.??.??"]

1. e4 c5 2. Nf3 d6 3. d4 cxd4 4. Nxd4 Nf6 5. Nc3 a6 6. Bg5 e6 7. f4 Qb6 8. Nb3
Be7 9. Qf3 Nbd7 10. O-O-O Qc7 11. Bd3 b5 12. a3 Rb8 13. Rhe1 b4 14. axb4 Rxb4
15. Kb1 Bb7 16. Qh3 e5 17. g4 Ng8 18. Qe3 Bxg5 19. fxg5 Ne7 20. Bf1 O-O 21. Qd2
Nc5 22. Qxd6 Qxd6 23. Rxd6 Nc8 24. Rdd1 Nxb3 25. cxb3 Rxb3 26. Rd7 Rb4 27. Kc2
a5 28. b3 Ba8 29. Ba6 Nb6 30. Re7 a4 31. bxa4 Nxa4 32. Rxe5 Rfb8 33. Rb1
1/2-1/2

[Event "5MCR_4D_1L_3S"]
[Site "?"]
[Date "2002.??.??"]
[Round "?"]
[White "Polak, Petr"]
[Black "Nosek, Jaroslav"]
[Result "1/2-1/2"]
[WhiteElo "2050"]
[BlackElo "2285"]
[PlyCount "37"]
[EventDate "2002.??.??"]
[EventType "corr"]
[SourceDate "2004.??.??"]

1. e4 e6 2. d4 d5 3. Nc3 Bb4 4. e5 c5 5. a3 Ba5 6. b4 cxd4 7. Qg4 Ne7 8. bxa5
dxc3 9. Qxg7 Rg8 10. Qxh7 Nbc6 11. Nf3 Qc7 12. Bf4 Bd7 13. Bd3 O-O-O 14. Bg3
Qxa5 15. O-O Rh8 16. Qg7 d4 17. Rfe1 Rdg8 18. Qxf7 Rf8 19. Qg7 1/2-1/2

[Event "5MCR_4D_1L_3S"]
[Site "?"]
[Date "2002.??.??"]
[Round "?"]
[White "Polak, Petr"]
[Black "Omelka, Roman"]
[Result "1-0"]
[WhiteElo "2050"]
[BlackElo "2335"]
[PlyCount "83"]
[EventDate "2002.??.??"]
[EventType "corr"]
[SourceDate "2004.??.??"]

1. e4 d6 2. d4 Nf6 3. Nc3 g6 4. Nf3 Bg7 5. Be2 O-O 6. O-O c6 7. a4 a5 8. h3 Qc7
9. Be3 Nbd7 10. Qd2 b6 11. Bh6 Bb7 12. Rad1 e5 13. Qg5 Rad8 14. Bxg7 Kxg7 15.
dxe5 dxe5 16. Nh4 Ng8 17. Nf5+ Kh8 18. Nd6 f6 19. Qe3 Nc5 20. Nc4 Ba6 21. Nxa5
Bxe2 22. Nxe2 Rxd1 23. Rxd1 Nxa4 24. Nc4 Rd8 25. Rf1 Nc5 26. Ra1 Kg7 27. b4 Nd7
28. Ra6 Qb7 29. Ra2 Nh6 30. Nc1 Nf7 31. Nd3 c5 32. b5 Ng5 33. f3 Ne6 34. Nf2
Nd4 35. Rb2 h5 36. Nd1 Qa7 37. c3 Nxb5 38. Qd3 Nc7 39. Qd6 Kf7 40. Nde3 Ne8 41.
Qd5+ Kg7 42. Rd2 1-0